• 首页
  • 本馆介绍
  • 公告通知
  • 最新文献
  • 馆藏检索
  • 电子资源
  • 读者导购
  • 参考咨询
  • 我的图书馆
  • 登录
  • 详细信息显示
  • 放入我的书架
  • 预约/预借图书
  • 作者相关作品
  • 分类相关作品
  • 丛书相关作品
  • 出版社相关作品

书目信息

  • 表格格式
  • 工作单格式
  • 卡片格式
题名:
木桶定律
    
 
作者: 西武
分册:  
出版信息: 北京   机械工业出版社  2004
页数: 235
开本: 21cm
丛书名:
单 册:
中图分类: F012
科图分类:
主题词: 政治经济学--概论
电子资源:
ISBN: 7-111-14547-X
000 00471nam0 2200181 450
001 0760515518
005 20070817164835.51
010    @a7-111-14547-X@d¥19.80
100    @a20070817d km y0chiy0120 ea
101 0  @achi
200 1  @a木桶定律@Amu tong ding lu@f西武@Fxi wu
210    @a北京@c机械工业出版社@d2004
215    @a235@d21cm
606 0  @a政治经济学@x概论
690    @aF012@v3
701  0 @a西武@Axi wu
801  0 @aCN@bPFT@c20070817
905    @a213230@dF012@eg27@f1
    
    木桶定律/西武.-北京:机械工业出版社,2004
    235;21cm
    
    
    ISBN 7-111-14547-X:¥19.80
    
●
相关链接 在E读中查询图书 在五车中查询图书 在当当中查询图书 在豆瓣中查询图书


正题名:木桶定律     索取号:F012/g27         预约/预借

序号 登录号 条形码 馆藏地/架位号 状态 备注
1 6501639   265016396   密集书库-海洋学院/ [索取号:F012/g27] 在馆    
欢迎您!
大连网信软件有限公司© 版权所有